000 00700nam a2200253Ia 4500
003 OSt
005 20221005065835.0
006 a|||||r|||| 00| 0
007 ta
008 221004b |||||||| |||| 00| 0 eng d
024 _a51614
037 _cTextual
040 _aCRL
_cCRL
_beng
041 _2eng
_aeng
082 _aV78211, M4
110 _aUSSR, Sciences(Academy of-)
_9605030
245 0 _aGrenada
_b History, revolution, US intervention
260 _aMoscow
_bUSSR Academy of Sciences
_c1984
300 _a145p.
_ccm.
650 _aRUSSIA - HISTORY
700 _aUSSR, Sciences(Academy of-)
_9605031
942 _hV78211, M4
_cTEXL
_2cc
999 _c975287
_d975287